000 01141nam a22001937a 4500
003 OSt
005 20251113094121.0
008 251113b |||||||| |||| 00| 0 eng d
040 _cDCL
082 _a၂၉၄.၃၈၂၃၅၆
130 _aတိပိဋက။
_pသုတ္တန္တပိဋက။
_pခုဒ္ဒကနိကာယ။
_tထေရအပါဒါန်၊
_lပါဠိတော်၊
_sနိဿယ။
245 _aထေရအပဒါန် ပါဠိတော်နိဿယ ၊
_bဒုတိယတွဲ /
_cအသျှင်ဇာဂရမထေရ်။
264 _aမန္တလေး ၊
_bမန္တလေးတောင်ပိဋကတ်စာပုံနှိပ်တိုက်၊
_c၁၉၂၆။
300 _aည၊ ၄၇၃ စာမျက်နှာ ၊
_c၂၅ စင်တီ။
650 _aထေရပဒါန်
_vပါဠိတော်နိဿယ။
650 _aထေရအပါဒါန်
_vပါဠိတော်နိဿယ။
700 _aဇာဂရမထေရ်၊ အသျှင်။
942 _2ddc
_cSHORT TERM
_n0
999 _c2462
_d2462